| 000 | 00353 a2200145 4500 | ||
|---|---|---|---|
| 999 |
_c9829 _d9829 |
||
| 003 | OSt | ||
| 005 | 20220303161011.0 | ||
| 008 | 220303b ||||| |||| 00| 0 eng d | ||
| 020 | _a9789812457059 | ||
| 082 |
_a688.8 _bLIA |
||
| 100 | _aLianshun | ||
| 245 | _aOut of the box : ready-to-use display packaging | ||
| 260 | _bPage one publishing | ||
| 942 | _2ddc | ||